[Event "NB1 Maroczy csoport"]
[Site "Debrecen"]
[Date "2024.11.17"]
[Round "2.7"]
[White "Siklosi, Zoltan"]
[Black "Szilagyi, Norbert"]
[Result "0-1"]
[WhiteElo "2277"]
[BlackElo "2108"]
[PlyCount "120"]
[EventDate "2024.11.03"]
[EventType "team-tourn"]
[EventRounds "11"]
[EventCountry "HUN"]
[Source "chess.hu"]
[SourceDate "2024.11.17"]
[WhiteTeam "Neumann J. Egyetem"]
[BlackTeam "DEAC-Debr.Sakkiskola"]
[WhiteTeamCountry "HUN"]
[BlackTeamCountry "HUN"]

1. e4 c5 2. Nf3 Nc6 3. Bb5 e6 4. Bxc6 bxc6 5. d3 Ne7 6. Qe2 Ng6 7. h4 h5 8. e5
Be7 9. Qe4 Rb8 10. Nbd2 d6 11. exd6 Qxd6 12. O-O Qd5 13. g3 e5 14. Re1 Qxe4 15.
Rxe4 f6 16. Nc4 Be6 17. b3 Nf8 18. Ne1 Bd5 19. Re2 Ne6 20. c3 Bxc4 21. dxc4 Kf7
22. f3 Rbg8 23. Be3 g5 24. hxg5 Nxg5 25. Kh2 Ne6 26. Rd1 Rd8 27. Red2 Rxd2+ 28.
Rxd2 f5 29. Nd3 Kf6 30. b4 Rd8 31. b5 cxb5 32. cxb5 f4 33. gxf4 exf4 34. Bf2 c4
35. Nc5 Bxc5 36. Rxd8 Bxf2 37. Rh8 Be1 38. Rc8 Bxc3 39. Rxc4 Ba5 40. Rc8 Bb6
41. Rh8 Nd4 42. Rxh5 Nxf3+ 43. Kg2 Ne5 44. Rh8 f3+ 45. Kg3 Kf5 46. a4 Ke4 47.
Re8 Kd5 48. Re7 f2 49. Kg2 Nc4 50. Rd7+ Ke6 51. Rd3 Nb2 52. Ra3 Nd1 53. Rd3 Nb2
54. Ra3 Nc4 55. Rd3 Ke5 56. Rd7 Ke4 57. Kf1 Ke3 58. Re7+ Kd3 59. Rd7+ Kc3 60.
Ke2 Kb4 0-1

[Event "NB1 Maroczy csoport"]
[Site "Debrecen"]
[Date "2024.11.17"]
[Round "2.8"]
[White "Bai, Attila"]
[Black "Marta, Dominik"]
[Result "0-1"]
[WhiteElo "2121"]
[BlackElo "2137"]
[PlyCount "44"]
[EventDate "2024.11.03"]
[EventType "team-tourn"]
[EventRounds "11"]
[EventCountry "HUN"]
[Source "chess.hu"]
[SourceDate "2024.11.17"]
[WhiteTeam "DEAC-Debr.Sakkiskola"]
[BlackTeam "Neumann J. Egyetem"]
[WhiteTeamCountry "HUN"]
[BlackTeamCountry "HUN"]

1. d4 Nf6 2. Nf3 e6 3. e3 Be7 4. Bd3 d5 5. Nbd2 O-O 6. b3 Nbd7 7. Bb2 c5 8. h4
Qa5 9. c4 dxc4 10. bxc4 cxd4 11. exd4 b6 12. Kf1 Ba6 13. Rh3 Rac8 14. Ne5 Nxe5
15. Bc3 Bb4 16. Bxb4 Qxb4 17. dxe5 Nd7 18. Qe2 Nxe5 19. Rb1 Qd6 20. Bxh7+ Kxh7
21. Qh5+ Kg8 22. Ne4 Rxc4 0-1

[Event "NB1 Maroczy csoport"]
[Site "Debrecen"]
[Date "2024.11.17"]
[Round "2.9"]
[White "Czegledi, Zsolt"]
[Black "Mate, Balazs"]
[Result "1-0"]
[WhiteElo "2141"]
[BlackElo "2058"]
[PlyCount "179"]
[EventDate "2024.11.03"]
[EventType "team-tourn"]
[EventRounds "11"]
[EventCountry "HUN"]
[Source "chess.hu"]
[SourceDate "2024.11.17"]
[WhiteTeam "Neumann J. Egyetem"]
[BlackTeam "DEAC-Debr.Sakkiskola"]
[WhiteTeamCountry "HUN"]
[BlackTeamCountry "HUN"]

1. d4 d5 2. c4 c6 3. Nc3 Nf6 4. Nf3 dxc4 5. a4 Bf5 6. e3 e6 7. Bxc4 Bb4 8. O-O
O-O 9. Bd2 Nbd7 10. Ne4 Qa5 11. Qb3 Bxd2 12. Nexd2 Rab8 13. h3 Nb6 14. Be2 Rfd8
15. Qc3 Qxc3 16. bxc3 Nbd5 17. Rfc1 Ne4 18. Nxe4 Bxe4 19. a5 f6 20. c4 Nc7 21.
c5 a6 22. Nd2 Bg6 23. Nc4 Nb5 24. f4 Kf8 25. Bf3 Ke7 26. Kf2 Bf7 27. g4 h6 28.
h4 Rg8 29. h5 Rbd8 30. Na3 Nc7 31. Rab1 Rb8 32. Rb2 Be8 33. Rg1 Rh8 34. e4 Nb5
35. Nxb5 axb5 36. Ra1 Ra8 37. d5 Bd7 38. d6+ Kf7 39. e5 Ra6 40. Ke3 Rha8 41.
Rba2 Rf8 42. Bd1 Kg8 43. Bb3 Kh8 44. Kd4 f5 45. g5 hxg5 46. fxg5 Kh7 47. Ke3
Rfa8 48. Kf4 Rd8 49. Bc2 Rf8 50. Bd3 Re8 51. Re2 Rf8 52. Rh2 Re8 53. Ke3 Rea8
54. Rha2 Re8 55. Kd2 Rf8 56. Kc3 Rd8 57. Kb4 Rf8 58. Re2 Re8 59. Bc2 Rf8 60.
Rf1 Re8 61. Ref2 Rf8 62. Rf3 Raa8 63. Re3 Rfe8 64. Rf2 Ra6 65. Rf1 Raa8 66. Rf4
Ra6 67. Rd4 Rf8 68. Rdd3 Re8 69. Ra3 Rf8 70. Ra1 Re8 71. Rf1 Raa8 72. a6 Rxa6
73. Ra3 Rxa3 74. Kxa3 Ra8+ 75. Kb2 Ra5 76. Ra1 Rxa1 77. Kxa1 Kg8 78. Kb2 Kf8
79. Kc3 Be8 80. Bd1 Bf7 81. Kb4 g6 82. h6 Bg8 83. Ka5 Ke8 84. Kb6 Kd7 85. Kxb7
b4 86. Bf3 b3 87. Bxc6+ Kd8 88. Ba4 b2 89. Bc2 f4 90. c6 1-0

[Event "NB1 Maroczy csoport"]
[Site "Debrecen"]
[Date "2024.11.17"]
[Round "2.10"]
[White "Dibusz, Domonkos"]
[Black "Lehocz, Jozsef Jr"]
[Result "0-1"]
[WhiteElo "2084"]
[BlackElo "2020"]
[PlyCount "76"]
[EventDate "2024.11.03"]
[EventType "team-tourn"]
[EventRounds "11"]
[EventCountry "HUN"]
[Source "chess.hu"]
[SourceDate "2024.11.17"]
[WhiteTeam "DEAC-Debr.Sakkiskola"]
[BlackTeam "Neumann J. Egyetem"]
[WhiteTeamCountry "HUN"]
[BlackTeamCountry "HUN"]

1. e4 c5 2. Nc3 Nc6 3. Nf3 e5 4. Bc4 Be7 5. d3 d6 6. h3 Nf6 7. Be3 O-O 8. O-O
Be6 9. Bg5 Nd7 10. Bxe7 Qxe7 11. Nd5 Bxd5 12. Bxd5 Nb6 13. Bb3 Rad8 14. c3 d5
15. Qe2 d4 16. Rfe1 Rd6 17. a4 a5 18. Rad1 Rfd8 19. Qc2 h6 20. Ba2 Na8 21. Bd5
Nc7 22. Bc4 b6 23. Qb3 Rb8 24. g3 Ne6 25. Bd5 Ng5 26. Nxg5 hxg5 27. Kg2 Qf6 28.
Bxc6 Rxc6 29. cxd4 cxd4 30. Rc1 Rbc8 31. Rxc6 Qxc6 32. Re2 Qc1 33. f3 Qb1 34.
f4 gxf4 35. gxf4 Rc6 36. f5 Rc1 37. Qxb6 Rg1+ 38. Kf3 Qf1+ 0-1

[Event "NB1 Maroczy csoport"]
[Site "Debrecen"]
[Date "2024.11.17"]
[Round "2.11"]
[White "Panda, Barnabas"]
[Black "Donka, Peter"]
[Result "1-0"]
[WhiteElo "2126"]
[BlackElo "1972"]
[PlyCount "65"]
[EventDate "2024.11.03"]
[EventType "team-tourn"]
[EventRounds "11"]
[EventCountry "HUN"]
[Source "chess.hu"]
[SourceDate "2024.11.17"]
[WhiteTeam "Neumann J. Egyetem"]
[BlackTeam "DEAC-Debr.Sakkiskola"]
[WhiteTeamCountry "HUN"]
[BlackTeamCountry "HUN"]

1. d4 d5 2. c4 c6 3. Nf3 Nf6 4. Nc3 e6 5. e3 Ne4 6. Nxe4 dxe4 7. Nd2 f5 8. f3
Bd6 9. f4 O-O 10. Nb3 a5 11. c5 Be7 12. Qc2 b6 13. cxb6 Qxb6 14. Bd2 Na6 15.
Bxa5 Bb4+ 16. Bxb4 Nxb4 17. Qd2 Ba6 18. Bxa6 Rxa6 19. Nc5 Nd3+ 20. Nxd3 exd3
21. O-O Rb8 22. Qxd3 Ra4 23. b3 Rb4 24. Rfc1 Rd8 25. Qc3 e5 26. fxe5 f4 27.
Qxc6 Qxc6 28. Rxc6 fxe3 29. Rc3 Rdxd4 30. Rxe3 Rd2 31. e6 Kf8 32. e7+ Ke8 33.
Rf1 1-0

[Event "NB1 Maroczy csoport"]
[Site "Debrecen"]
[Date "2024.11.17"]
[Round "2.12"]
[White "Nandin-Erdene, Davaademberel"]
[Black "Balazs-Szalai, Renata"]
[Result "1-0"]
[WhiteElo "2018"]
[BlackElo "1903"]
[PlyCount "57"]
[EventDate "2024.11.03"]
[EventType "team-tourn"]
[EventRounds "11"]
[EventCountry "HUN"]
[Source "chess.hu"]
[SourceDate "2024.11.17"]
[WhiteTeam "DEAC-Debr.Sakkiskola"]
[BlackTeam "Neumann J. Egyetem"]
[WhiteTeamCountry "HUN"]
[BlackTeamCountry "HUN"]

1. e4 d5 2. exd5 Qxd5 3. Nc3 Qa5 4. d4 Nf6 5. Nf3 Bg4 6. h3 Bh5 7. Bd2 c6 8.
Bc4 Qc7 9. g4 Bg6 10. Ne5 e6 11. h4 Bd6 12. Bf4 b5 13. Bf1 b4 14. Ne2 Nxg4 15.
Nxg6 hxg6 16. Bg5 f6 17. Bd2 Nh2 18. Bg2 Rxh4 19. c4 bxc3 20. Nxc3 Rxd4 21. Qe2
Kf7 22. Nb5 cxb5 23. Bxa8 Qc4 24. Bc3 Rd3 25. Rc1 Bb4 26. Rxh2 Rxc3 27. bxc3
Qf4 28. Qe3 Qxh2 29. cxb4 1-0

[Event "NB1 Maroczy csoport"]
[Site "Budapest"]
[Date "2024.11.17"]
[Round "2.1"]
[White "Zakarias, David"]
[Black "Kun, Gabor"]
[Result "0-1"]
[WhiteElo "2303"]
[BlackElo "2246"]
[PlyCount "62"]
[EventDate "2024.11.03"]
[EventType "team-tourn"]
[EventRounds "11"]
[EventCountry "HUN"]
[Source "chess.hu"]
[SourceDate "2024.11.17"]
[WhiteTeam "Maroczy SE II."]
[BlackTeam "Dr. Hetenyi Geza SK"]
[WhiteTeamCountry "HUN"]
[BlackTeamCountry "HUN"]

1. Nf3 Nf6 2. c4 e6 3. g3 d5 4. b3 c5 5. cxd5 exd5 6. Bg2 Nc6 7. O-O d4 8. e3
Be7 9. Na3 O-O 10. Bb2 Bg4 11. h3 Bf5 12. exd4 cxd4 13. Nc4 Be4 14. d3 Bd5 15.
Re1 Bb4 16. Re2 b5 17. Nce5 Nxe5 18. Rxe5 Bc3 19. Qe2 Re8 20. Rxe8+ Qxe8 21.
Qc2 Rc8 22. Rd1 h6 23. Ba3 Rc6 24. Kf1 Qc8 25. Ne5 Re6 26. Nf3 Qb7 27. Nh4
Bxg2+ 28. Nxg2 Qf3 29. Rd2 Bxd2 30. Qxd2 Nh5 31. g4 Re2 0-1

[Event "NB1 Maroczy csoport"]
[Site "Budapest"]
[Date "2024.11.17"]
[Round "2.2"]
[White "Kormos, Adam"]
[Black "Kocsmar, Akos"]
[Result "0-1"]
[WhiteElo "2137"]
[BlackElo "2203"]
[PlyCount "170"]
[EventDate "2024.11.03"]
[EventType "team-tourn"]
[EventRounds "11"]
[EventCountry "HUN"]
[Source "chess.hu"]
[SourceDate "2024.11.17"]
[WhiteTeam "Dr. Hetenyi Geza SK"]
[BlackTeam "Maroczy SE II."]
[WhiteTeamCountry "HUN"]
[BlackTeamCountry "HUN"]

1. e4 c5 2. Nf3 e6 3. d4 cxd4 4. Bg5 Qa5+ 5. Nbd2 Nc6 6. Bd3 d6 7. O-O Qc7 8.
Rc1 Be7 9. c3 dxc3 10. Rxc3 Bxg5 11. Nxg5 Nf6 12. Bb1 h6 13. Ngf3 Qe7 14. a3
O-O 15. b4 Bd7 16. Nb3 e5 17. Qd2 a6 18. Ne1 Be6 19. Qd3 Nh5 20. g3 f5 21. Qe2
Qf7 22. b5 axb5 23. exf5 Bxb3 24. Rxb3 Nd4 25. Qb2 Nxb3 26. Ba2 Qxf5 27. Bxb3+
Kh8 28. Ng2 g5 29. Ne3 Qd7 30. Rd1 Rad8 31. Bc2 Rf6 32. Nd5 Rff8 33. Ne3 Ng7
34. Qb4 d5 35. Rxd5 Qf7 36. Rd2 Ne6 37. Ng4 Rd4 38. Nxe5 Qf6 39. Ng6+ Kg7 40.
Qc3 Rxd2 41. Qxd2 Nd4 42. Be4 Re8 43. Qd3 Rxe4 44. Qxe4 Nc6 45. Qd3 Qxg6 46.
Qxb5 Qf7 47. a4 Qe7 48. Qb2+ Kg8 49. Qb3+ Kf8 50. Qf3+ Kg7 51. Qd5 Kf6 52. Qf3+
Ke6 53. Qd3 Qg7 54. Kg2 g4 55. Qe4+ Kd6 56. h3 h5 57. Qf5 Qd4 58. Qxh5 gxh3+
59. Qxh3 Qxa4 60. g4 Qf4 61. Qd3+ Kc5 62. Qa3+ Qb4 63. Qe3+ Qd4 64. Qa3+ Kb5
65. Qf3 Kc4 66. Qe2+ Kb4 67. Qe1+ Ka4 68. Qe6 Ne5 69. Qa2+ Kb5 70. f3 b6 71.
Qb3+ Kc5 72. Qa3+ Kc4 73. Qa4+ Kd3 74. Qd1+ Ke3 75. Qg1+ Kd3 76. Qd1+ Kc3 77.
Qa1+ Kc4 78. Qa4+ Kc5 79. Qa3+ Kc6 80. Qa8+ Kb5 81. Qa2 Nc4 82. g5 Kc5 83. g6
Ne3+ 84. Kh3 Qd7+ 85. Kh4 Qe7+ 0-1

[Event "NB1 Maroczy csoport"]
[Site "Budapest"]
[Date "2024.11.17"]
[Round "2.3"]
[White "Kelemen, David"]
[Black "Nemeth, Zoltan"]
[Result "0-1"]
[WhiteElo "2166"]
[BlackElo "2197"]
[PlyCount "122"]
[EventDate "2024.11.03"]
[EventType "team-tourn"]
[EventRounds "11"]
[EventCountry "HUN"]
[Source "chess.hu"]
[SourceDate "2024.11.17"]
[WhiteTeam "Maroczy SE II."]
[BlackTeam "Dr. Hetenyi Geza SK"]
[WhiteTeamCountry "HUN"]
[BlackTeamCountry "HUN"]

1. e4 e5 2. d4 exd4 3. Qxd4 Nc6 4. Qe3 g6 5. h4 h5 6. Nc3 Nf6 7. Bc4 Bh6 8. Qg3
Bxc1 9. Rxc1 d6 10. Nf3 Ng4 11. Ng5 Nce5 12. Bb3 f6 13. Nh3 c6 14. Rd1 Qe7 15.
f4 Nf7 16. Bxf7+ Kxf7 17. O-O Rg8 18. Rf3 Nh6 19. f5 gxf5 20. Qf4 Ng4 21. Rfd3
Qe5 22. Rxd6 Qxf4 23. Nxf4 Ne3 24. R1d4 Nxc2 25. Rd7+ Bxd7 26. Rxd7+ Ke8 27.
Rh7 Ne3 28. Nxh5 Rxg2+ 29. Kh1 Rd8 30. Ng7+ Kf8 31. Nxf5 Rd3 32. Rxb7 Rc2 33.
Rb8+ Kf7 34. Rb7+ Ke8 35. Ng7+ Kd8 36. Ne6+ Kc8 37. Rg7 Rc1+ 38. Kh2 Rd2+ 39.
Kg3 Rxb2 40. Na4 Rg1+ 41. Kf3 Rxg7 42. Nxg7 Rxa2 43. Nc5 Ra3 44. Kf4 Ng2+ 45.
Kg4 Kd8 46. h5 Ne3+ 47. Kh4 Ra1 48. Kg3 Ke7 49. Kf4 Kf7 50. h6 Nc4 51. Nf5 Ne5
52. Ke3 Rh1 53. Kd4 a5 54. Nd6+ Kg6 55. Nf5 Rc1 56. Ne6 Ng4 57. Nf4+ Kh7 58.
Ne2 Re1 59. Nc3 Ne5 60. Kc5 Rc1 61. Kd4 c5+ 0-1

[Event "NB1 Maroczy csoport"]
[Site "Budapest"]
[Date "2024.11.17"]
[Round "2.4"]
[White "Farkas, Richard"]
[Black "Jojart, Zsolt"]
[Result "1/2-1/2"]
[WhiteElo "2241"]
[BlackElo "2101"]
[PlyCount "40"]
[EventDate "2024.11.03"]
[EventType "team-tourn"]
[EventRounds "11"]
[EventCountry "HUN"]
[Source "chess.hu"]
[SourceDate "2024.11.17"]
[WhiteTeam "Dr. Hetenyi Geza SK"]
[BlackTeam "Maroczy SE II."]
[WhiteTeamCountry "HUN"]
[BlackTeamCountry "HUN"]

1. e4 d6 2. d4 Nf6 3. Nc3 g6 4. f4 Bg7 5. Nf3 O-O 6. Bd3 Nc6 7. e5 Nd7 8. Ne4
Nb4 9. Be2 Nb6 10. a3 Bf5 11. axb4 Bxe4 12. O-O dxe5 13. fxe5 f6 14. exf6 exf6
15. c3 a6 16. Nd2 Bc6 17. Bf3 Nd5 18. Re1 Re8 19. Rxe8+ Qxe8 20. Nf1 Rd8
1/2-1/2

[Event "NB1 Maroczy csoport"]
[Site "Budapest"]
[Date "2024.11.17"]
[Round "2.5"]
[White "Toth, Daniel"]
[Black "Dory, Jeno"]
[Result "0-1"]
[WhiteElo "2041"]
[BlackElo "2154"]
[PlyCount "142"]
[EventDate "2024.11.03"]
[EventType "team-tourn"]
[EventRounds "11"]
[EventCountry "HUN"]
[Source "chess.hu"]
[SourceDate "2024.11.17"]
[WhiteTeam "Maroczy SE II."]
[BlackTeam "Dr. Hetenyi Geza SK"]
[WhiteTeamCountry "HUN"]
[BlackTeamCountry "HUN"]

1. d4 Nf6 2. c4 e6 3. Nc3 Bb4 4. e3 c5 5. Nge2 cxd4 6. exd4 O-O 7. a3 Be7 8.
Nf4 d5 9. cxd5 Nxd5 10. Nfxd5 exd5 11. Be2 Nc6 12. Bf3 Be6 13. Be3 Bf6 14. O-O
Rc8 15. Na4 b6 16. Qd3 Qd7 17. Nc3 Rfd8 18. b4 Ne7 19. Bd1 Nf5 20. Ba4 Rxc3 21.
Qxc3 Qxa4 22. Rac1 Nd6 23. Qa1 Nc4 24. Rc3 Qd7 25. Re1 b5 26. Qd1 Bg4 27. f3
Bf5 28. Bf2 h6 29. Qe2 Kf8 30. g4 Bg6 31. h3 Re8 32. Qxe8+ Qxe8 33. Rxe8+ Kxe8
34. Kf1 Kd7 35. Ke2 Be7 36. Be1 Kc6 37. Bg3 a5 38. Be1 axb4 39. axb4 Kb6 40. f4
Be4 41. Rb3 f5 42. Rg3 fxg4 43. hxg4 Bd6 44. g5 Bxf4 45. gxh6 Bxg3 46. hxg7 Bh7
47. Bxg3 Kc6 48. Kf3 Kd7 49. Kf4 Ke6 50. Bh4 Kf7 51. Bd8 Kxg7 52. Be7 Kf7 53.
Bc5 Ke6 54. Kg5 Nd6 55. Kf4 Nc8 56. Kg5 Ne7 57. Bb6 Nc6 58. Bc5 Bc2 59. Kg4 Kf6
60. Kf4 Ne7 61. Bb6 Ng6+ 62. Kg4 Bd1+ 63. Kg3 Kf5 64. Kf2 Ke4 65. Ke1 Bb3 66.
Kd2 Nf4 67. Kc3 Bc4 68. Bc5 Ne2+ 69. Kb2 Nxd4 70. Bxd4 Kxd4 71. Ka3 Ke3 0-1

[Event "NB1 Maroczy csoport"]
[Site "Budapest"]
[Date "2024.11.17"]
[Round "2.6"]
[White "Novaky, Csaba"]
[Black "Kevei, Peter"]
[Result "1/2-1/2"]
[WhiteElo "2093"]
[BlackElo "2138"]
[PlyCount "60"]
[EventDate "2024.11.03"]
[EventType "team-tourn"]
[EventRounds "11"]
[EventCountry "HUN"]
[Source "chess.hu"]
[SourceDate "2024.11.17"]
[WhiteTeam "Dr. Hetenyi Geza SK"]
[BlackTeam "Maroczy SE II."]
[WhiteTeamCountry "HUN"]
[BlackTeamCountry "HUN"]

1. e4 c5 2. Nf3 Nc6 3. d4 cxd4 4. Nxd4 Nf6 5. Nc3 e5 6. Ndb5 d6 7. Bg5 a6 8.
Na3 b5 9. Bxf6 gxf6 10. Nd5 Bg7 11. Bd3 Ne7 12. Nxe7 Qxe7 13. O-O O-O 14. Qh5
f5 15. exf5 e4 16. Rfe1 d5 17. c3 Qf6 18. Bf1 b4 19. Nc2 bxc3 20. bxc3 Qxc3 21.
Ne3 Qe5 22. Rad1 d4 23. Nc4 Qxf5 24. Qxf5 Bxf5 25. Nd6 Be6 26. Rxe4 Rfd8 27.
Nc4 Rac8 28. Ne5 Bxa2 29. Bxa6 Rc5 30. f4 Ra5 1/2-1/2

[Event "NB1 Maroczy csoport"]
[Site "Budapest"]
[Date "2024.11.17"]
[Round "2.7"]
[White "Linczer, Janos"]
[Black "Toth, Gabor"]
[Result "1/2-1/2"]
[WhiteElo "2076"]
[BlackElo "2135"]
[PlyCount "36"]
[EventDate "2024.11.03"]
[EventType "team-tourn"]
[EventRounds "11"]
[EventCountry "HUN"]
[Source "chess.hu"]
[SourceDate "2024.11.17"]
[WhiteTeam "Maroczy SE II."]
[BlackTeam "Dr. Hetenyi Geza SK"]
[WhiteTeamCountry "HUN"]
[BlackTeamCountry "HUN"]

1. e4 c5 2. Nf3 g6 3. d4 cxd4 4. Nxd4 Nf6 5. Nc3 Nc6 6. Be2 Bg7 7. Be3 d6 8.
O-O O-O 9. Qd2 Ng4 10. Nxc6 bxc6 11. Bg5 Rb8 12. Rab1 Re8 13. h3 Nf6 14. Rfd1
Be6 15. Bf3 Nd7 16. b3 Qc7 17. Na4 Nb6 18. Nc3 Nd7 1/2-1/2

[Event "NB1 Maroczy csoport"]
[Site "Budapest"]
[Date "2024.11.17"]
[Round "2.8"]
[White "Haszon, Kamilla Sara"]
[Black "Papp, Balazs"]
[Result "1/2-1/2"]
[WhiteElo "2007"]
[BlackElo "2034"]
[PlyCount "130"]
[EventDate "2024.11.03"]
[EventType "team-tourn"]
[EventRounds "11"]
[EventCountry "HUN"]
[Source "chess.hu"]
[SourceDate "2024.11.17"]
[WhiteTeam "Dr. Hetenyi Geza SK"]
[BlackTeam "Maroczy SE II."]
[WhiteTeamCountry "HUN"]
[BlackTeamCountry "HUN"]

1. e4 c6 2. d4 d5 3. Nd2 dxe4 4. Nxe4 Nf6 5. Bd3 Be6 6. Nf3 Nxe4 7. Bxe4 Nd7 8.
Bf4 Nf6 9. Bd3 Bg4 10. h3 Bxf3 11. Qxf3 Qxd4 12. O-O-O Qd5 13. Qe2 Qxa2 14. c4
e6 15. Bf5 Bb4 16. Bb1 Qa5 17. Be5 Nd7 18. Bh2 O-O-O 19. Bc2 Qa1+ 20. Bb1 Qa5
21. Bc2 Nf6 22. Kb1 Rxd1+ 23. Rxd1 Rd8 24. Rxd8+ Qxd8 25. Qe5 Kd7 26. Qd4+ Ke7
27. Qxa7 Qd7 28. g4 Ne8 29. Bg3 h6 30. Bh4+ g5 31. Bg3 Bd6 32. Bxd6+ Nxd6 33.
Qc5 f6 34. Qd4 Ne8 35. Qe4 Kd8 36. Qe3 Nd6 37. b3 Nf7 38. Qb6+ Qc7 39. Qc5 Qd6
40. Qa5+ Ke7 41. Qa8 Nd8 42. Qa5 Kd7 43. Qc3 Qe5 44. Qd3+ Kc8 45. Ka2 Qf4 46.
Qe2 Qd4 47. Qf3 Kc7 48. Be4 Kb6 49. Qe2 Qc3 50. Qd1 Kc7 51. f3 Nf7 52. Qe2 Ne5
53. Qh2 Qe3 54. h4 Qf4 55. Qh3 gxh4 56. Qxh4 Nd7 57. Qh5 Qd2+ 58. Kb1 Kb6 59.
Qf7 Nc5 60. Bc2 Qe1+ 61. Kb2 Qe5+ 62. Kb1 Na6 63. Qe7 Qe1+ 64. Kb2 Qe5+ 65. Kb1
Qe1+ 1/2-1/2

[Event "NB1 Maroczy csoport"]
[Site "Budapest"]
[Date "2024.11.17"]
[Round "2.9"]
[White "Ohat, Imre"]
[Black "Gelle, Istvan"]
[Result "0-1"]
[WhiteElo "1959"]
[BlackElo "2133"]
[PlyCount "54"]
[EventDate "2024.11.03"]
[EventType "team-tourn"]
[EventRounds "11"]
[EventCountry "HUN"]
[Source "chess.hu"]
[SourceDate "2024.11.17"]
[WhiteTeam "Maroczy SE II."]
[BlackTeam "Dr. Hetenyi Geza SK"]
[WhiteTeamCountry "HUN"]
[BlackTeamCountry "HUN"]

1. d4 d5 2. Nf3 c6 3. e3 Bf5 4. Bd3 e6 5. c3 Nd7 6. Qc2 Bxd3 7. Qxd3 f5 8. Nbd2
Bd6 9. b3 Ngf6 10. a4 Qe7 11. Bb2 Ne4 12. c4 O-O 13. O-O a5 14. c5 Bc7 15. Ba3
g5 16. b4 axb4 17. Bxb4 g4 18. Ne1 Bxh2+ 19. Kxh2 Qh4+ 20. Kg1 Rf6 21. g3 Qh3
22. Ng2 Rh6 23. Nh4 Ndf6 24. Rfd1 Rxh4 25. gxh4 g3 26. Nxe4 Nxe4 27. Be1 g2 0-1

[Event "NB1 Maroczy csoport"]
[Site "Budapest"]
[Date "2024.11.17"]
[Round "2.10"]
[White "Kormos, Andras"]
[Black "Bernath, Robert"]
[Result "1-0"]
[WhiteElo "2025"]
[BlackElo "1927"]
[PlyCount "85"]
[EventDate "2024.11.03"]
[EventType "team-tourn"]
[EventRounds "11"]
[EventCountry "HUN"]
[Source "chess.hu"]
[SourceDate "2024.11.17"]
[WhiteTeam "Dr. Hetenyi Geza SK"]
[BlackTeam "Maroczy SE II."]
[WhiteTeamCountry "HUN"]
[BlackTeamCountry "HUN"]

1. c4 c5 2. Nc3 Nc6 3. g3 g6 4. b3 Bg7 5. Bb2 e5 6. Bg2 Nge7 7. h4 h5 8. Nf3 d6
9. a3 Rb8 10. e3 a6 11. d3 b5 12. Qc2 bxc4 13. bxc4 O-O 14. O-O Bg4 15. Ng5 f6
16. Nge4 Qd7 17. Nd5 Nxd5 18. cxd5 Ne7 19. Nd2 Bh3 20. e4 Bxg2 21. Kxg2 f5 22.
Nc4 f4 23. f3 fxg3 24. Bc1 Bf6 25. Rh1 Kf7 26. Rb1 Qc7 27. Rxb8 Rxb8 28. Qa4
Ra8 29. Kxg3 Nc8 30. Bd2 Qb7 31. Bh6 Qb5 32. Qc2 Rb8 33. f4 Qb3 34. Qe2 exf4+
35. Bxf4 Kg7 36. e5 dxe5 37. Bxe5 Bxe5+ 38. Qxe5+ Kh7 39. Qc7+ Kh6 40. Qf4+ Kh7
41. Qf7+ Kh6 42. Ne5 Rb6 43. Qg8 1-0

[Event "NB1 Maroczy csoport"]
[Site "Budapest"]
[Date "2024.11.17"]
[Round "2.11"]
[White "Szamko, Hanna"]
[Black "Berkes, Bence"]
[Result "1/2-1/2"]
[WhiteElo "1836"]
[BlackElo "1932"]
[PlyCount "85"]
[EventDate "2024.11.03"]
[EventType "team-tourn"]
[EventRounds "11"]
[EventCountry "HUN"]
[Source "chess.hu"]
[SourceDate "2024.11.17"]
[WhiteTeam "Maroczy SE II."]
[BlackTeam "Dr. Hetenyi Geza SK"]
[WhiteTeamCountry "HUN"]
[BlackTeamCountry "HUN"]

1. d4 d5 2. c4 e6 3. Nc3 Nf6 4. Bg5 Bb4 5. a3 Bxc3+ 6. bxc3 c6 7. Qb3 Nbd7 8.
e3 Qa5 9. Qb4 Qxb4 10. cxb4 O-O 11. f3 Re8 12. cxd5 exd5 13. Kf2 h6 14. Bf4 Nf8
15. Bd3 Bd7 16. Ne2 a5 17. b5 Ne6 18. Bd6 Rac8 19. bxc6 Bxc6 20. Rhc1 Bd7 21.
Be5 Rxc1 22. Rxc1 Rc8 23. Rb1 Bc6 24. Bxf6 gxf6 25. Bb5 Nc7 26. Bxc6 bxc6 27.
Rb6 Nb5 28. a4 Nd6 29. Nf4 Kg7 30. Rb3 f5 31. Rc3 Nc4 32. e4 fxe4 33. fxe4 Nd2
34. Rc2 Nxe4+ 35. Ke3 Nd6 36. Rc5 Rb8 37. Rxc6 Rb3+ 38. Ke2 Nf5 39. Rc5 Nxd4+
40. Kf2 Ne6 41. Nh5+ Kg6 42. Rxd5 Rb2+ 43. Kf1 1/2-1/2

[Event "NB1 Maroczy csoport"]
[Site "Budapest"]
[Date "2024.11.17"]
[Round "2.12"]
[White "Kellermann, Botond"]
[Black "Korosi, Zsombor"]
[Result "0-1"]
[WhiteElo "1789"]
[BlackElo "1787"]
[PlyCount "144"]
[EventDate "2024.11.03"]
[EventType "team-tourn"]
[EventRounds "11"]
[EventCountry "HUN"]
[Source "chess.hu"]
[SourceDate "2024.11.17"]
[WhiteTeam "Dr. Hetenyi Geza SK"]
[BlackTeam "Maroczy SE II."]
[WhiteTeamCountry "HUN"]
[BlackTeamCountry "HUN"]

1. d4 d5 2. c4 e6 3. Nc3 Nf6 4. Nf3 Be7 5. Bf4 Nbd7 6. e3 O-O 7. c5 Nh5 8. Bg3
Nxg3 9. hxg3 c6 10. Bd3 h6 11. Qc2 f5 12. Ne2 Bf6 13. Rb1 b6 14. Nf4 Re8 15.
cxb6 Qxb6 16. O-O c5 17. dxc5 Nxc5 18. Rfc1 Nxd3 19. Nxd3 Ba6 20. b4 Rec8 21.
Nc5 Rc7 22. Qd2 Bc8 23. Nd4 Bd7 24. Nxf5 Kh8 25. Nd4 Rb8 26. a3 Bc8 27. Kh2 Qd6
28. Ncb3 Rxc1 29. Rxc1 Bd7 30. Nc5 e5 31. Nxd7 Qxd7 32. Nc6 Rc8 33. b5 a6 34.
a4 axb5 35. axb5 Rc7 36. Rd1 d4 37. exd4 exd4 38. Nxd4 Rb7 39. Nf3 Qxd2 40.
Rxd2 Rxb5 41. g4 Kh7 42. Kh3 Rb1 43. Kg3 Rb3 44. Re2 Bg5 45. Re4 Bf6 46. Re3
Rb2 47. Ne5 Rb5 48. Nd7 Bd4 49. Re7 Rb3+ 50. f3 Rc3 51. Nf8+ Kg8 52. Ne6 Re3
53. Kf4 Re1 54. Kf5 Bf6 55. Rc7 Re5+ 56. Kg6 Rxe6 57. Rc8+ Bd8+ 58. Kf5 Re8 59.
Kg6 Kf8 60. Rb8 Bf6 61. Rb7 Re2 62. Rf7+ Ke8 63. Rxg7 Bxg7 64. Kxg7 Rxg2 65.
Kxh6 Kf7 66. Kg5 Ra2 67. f4 Ra5+ 68. f5 Kg7 69. Kh5 Kf6 70. Kh6 Ra1 71. g5+
Kxf5 72. g6 Rh1+ 0-1

[Event "NB1 Maroczy csoport"]
[Site "Parasznya"]
[Date "2024.11.17"]
[Round "2.1"]
[White "Furedi, Erik"]
[Black "Stanciu, Alexandru-Ovidiu"]
[Result "1/2-1/2"]
[WhiteElo "2285"]
[BlackElo "2337"]
[PlyCount "38"]
[EventDate "2024.11.03"]
[EventType "team-tourn"]
[EventRounds "11"]
[EventCountry "HUN"]
[Source "chess.hu"]
[SourceDate "2024.11.17"]
[WhiteTeam "Vasas SC"]
[BlackTeam "Pitypalatty Sakk SE"]
[WhiteTeamCountry "HUN"]
[BlackTeamCountry "HUN"]

1. e4 c6 2. d4 d5 3. exd5 cxd5 4. Nf3 Nf6 5. Bd3 Nc6 6. O-O Bg4 7. c3 e6 8. h3
Bh5 9. Bf4 Bd6 10. Bxd6 Qxd6 11. Nbd2 O-O 12. Qe1 Qc7 13. Ne5 Nxe5 14. Qxe5
Qxe5 15. dxe5 Nd7 16. f4 Nc5 17. Bc2 Bg6 18. Bxg6 hxg6 19. b4 Ne4 1/2-1/2